The moral philosophy of Mo-tze /

Bibliographic Details
Main Author: Tseu, Augustinus A.
Format: Book
Language:English
Published: Taipei, Taiwan : China Printing, [1965]
Subjects:

MARC

Tag First Indicator Second Indicator Subfields
LEADER 00000cam a2200000 4500
001 in00000059067
005 20151008051018.0
008 720228s1965 eng u
010 |a c 65000959  
035 |a (OCoLC)00251042 
035 |9 AAG5006AM 
040 |c WBU  |d OCL  |d TXA  |d UtOrBLW 
049 |a TXAM  |c [454402] 
050 0 |a B128.M8  |b T78 
092 |a 181.11  |b M6873t 
100 1 |a Tseu, Augustinus A. 
245 1 4 |a The moral philosophy of Mo-tze /  |c by Augustinus A. Tseu. 
264 1 |a Taipei, Taiwan :  |b China Printing,  |c [1965] 
264 4 |c [©1965] 
300 |a 407p. ;  |c 22 cm. 
336 |a text  |b txt  |2 rdacontent 
337 |a unmediated  |b n  |2 rdamedia 
338 |a volume  |b nc  |2 rdacarrier 
504 |a Bibliography: pages 401-407. 
600 1 0 |a Mo, Di,  |d active 400 B.C. 
999 |a MARS 
999 f f |s 752f5943-4b48-392f-8110-b20e4ceecc1d  |i 771c3179-db38-3ce6-9c76-a899bb49a612  |t 0 
952 f f |p ric  |a Texas A&M University  |b Rellis Campus  |c Joint Library Facility  |d Remote Storage  |t 0  |e B128.M8 T78  |h Library of Congress classification  |i unmediated -- volume  |m A14800537745 
998 f f |a B128.M8 T78  |t 0  |l Remote Storage